Vznik samostatných republík a komerčné poisťovníctvo.

Problematika komerčného poisťovníctva po rozdelení republiky. Nová obchodná stratégia jednotlivých poisťovní a ich formy pôsobenia na území oboch štátnych útvarov - rozsah pôsobenia. Kvalita poskytovaných služieb - súťaživosť a spolupráca poisťovní pri rozvoji poistného práva, príprava odborníkov pr...

Descripción completa

Guardado en:
Detalles Bibliográficos
Autor principal: Malovec, J.
Formato: Capítulo de libro
Lenguaje:eslovaco
Materias:
Etiquetas: Agregar Etiqueta
Sin Etiquetas, Sea el primero en etiquetar este registro!

MARC

LEADER 00000naa a2200000 4500
001 r012080
005 20220826093907.2
041 0 |a slo 
044 |a CZ 
245 1 0 |a Vznik samostatných republík a komerčné poisťovníctvo.  |c J. Malovec 
520 |a Problematika komerčného poisťovníctva po rozdelení republiky. Nová obchodná stratégia jednotlivých poisťovní a ich formy pôsobenia na území oboch štátnych útvarov - rozsah pôsobenia. Kvalita poskytovaných služieb - súťaživosť a spolupráca poisťovní pri rozvoji poistného práva, príprava odborníkov pre oblasť komerčného poisťovníctva, ekonomiky poistenia, atp. 
610 2 0 |a poisťovníctvo 
610 2 0 |a Slovensko 
610 2 0 |a 1993 
610 2 0 |a služby 
610 2 0 |a kontrola 
610 2 0 |a zákony 
100 1 |a Malovec, J.